Land law concentrate / (ระเบียนเลขที่ 65706)
| 000 -LEADER | |
|---|---|
| fixed length control field | 00869nam a22002537a 4500 |
| 005 - DATE AND TIME OF LATEST TRANSACTION | |
| control field | 20210325210246.0 |
| 008 - FIXED-LENGTH DATA ELEMENTS--GENERAL INFORMATION | |
| fixed length control field | s2011 eng d |
| 020 ## - INTERNATIONAL STANDARD BOOK NUMBER | |
| International Standard Book Number | 9780199587766 |
| 040 ## - CATALOGING SOURCE | |
| Original cataloging agency | NALT |
| 041 ## - LANGUAGE CODE | |
| Language code of text/sound track or separate title | eng |
| 090 ## - LOCALLY ASSIGNED LC-TYPE CALL NUMBER (OCLC); LOCAL CALL NUMBER (RLIN) | |
| Classification number (OCLC) (R) ; Classification number, CALL (RLIN) (NR) | KO 21.G7 |
| Local cutter number (OCLC) ; Book number/undivided call number, CALL (RLIN) | S29L 2011 |
| 100 1# - MAIN ENTRY--PERSONAL NAME | |
| Personal name | Sayles, Victoria |
| 9 (RLIN) | 34312 |
| 245 10 - TITLE STATEMENT | |
| Title | Land law concentrate / |
| Statement of responsibility, etc. | Victoria Sayles. |
| 250 ## - EDITION STATEMENT | |
| Edition statement | 2 nd ed. |
| 260 ## - PUBLICATION, DISTRIBUTION, ETC. | |
| Place of publication, distribution, etc. | Oxford : |
| Name of publisher, distributor, etc. | Oxford University Press, |
| Date of publication, distribution, etc. | 2011. |
| 300 ## - PHYSICAL DESCRIPTION | |
| Extent | 239, A1-A28 p. : |
| Other physical details | charts, tables ; |
| Dimensions | 21 cm. |
| 650 #0 - SUBJECT ADDED ENTRY--TOPICAL TERM | |
| Topical term or geographic name entry element | Law examinations |
| 9 (RLIN) | 34313 |
| Geographic subdivision | Wales |
| General subdivision | Study guides |
| 650 #0 - SUBJECT ADDED ENTRY--TOPICAL TERM | |
| Topical term or geographic name entry element | Law examinations |
| 9 (RLIN) | 34314 |
| Geographic subdivision | England |
| General subdivision | Study guides |
| 650 #0 - SUBJECT ADDED ENTRY--TOPICAL TERM | |
| Topical term or geographic name entry element | Real property |
| 9 (RLIN) | 34315 |
| Geographic subdivision | Wales |
| General subdivision | Outlines, syllabi, etc. |
| 650 #0 - SUBJECT ADDED ENTRY--TOPICAL TERM | |
| Topical term or geographic name entry element | Real property |
| 9 (RLIN) | 34316 |
| Geographic subdivision | England |
| General subdivision | Outlines, syllabi, etc. |
| 850 ## - HOLDING INSTITUTION | |
| Holding institution | NALT |
| 942 ## - ADDED ENTRY ELEMENTS (KOHA) | |
| Koha item type | Law Book |
| Source of classification or shelving scheme | Local Classification |
| Withdrawn status | Lost status | Source of classification or shelving scheme | Damaged status | Not for loan | Collection code | Home library | Current library | Source of acquisition | Cost, normal purchase price | Total Checkouts | Full call number | Barcode | Date last seen | Cost, replacement price | Price effective from | Koha item type |
|---|---|---|---|---|---|---|---|---|---|---|---|---|---|---|---|---|
| Local Classification | Law Book collection | National Assembly Library of Thailand | National Assembly Library of Thailand | จัดซื้อทรัพยากร | 720.00 | KO 21.G7 S29L 2011 | 3961190407 | 09/06/2017 | 770.00 | 09/06/2017 | Law Book |
